Online
Catalog

La imagen separada : (Record no. 7260)

MARC details
000 -CABECERA
campo de control de longitud fija 00918cam a2200229 a 4500
001 - NÚMERO DE CONTROL
campo de control 000007479
005 - FECHA Y HORA DE LA ÚLTIMA TRANSACCIÓN
campo de control 20200929154202.0
008 - DATOS DE LONGITUD FIJA--INFORMACIÓN GENERAL
campo de control de longitud fija 850516s1984 cr b f001 0 spa
020 ## - NÚMERO INTERNACIONAL ESTÁNDAR DEL LIBRO
Número Internacional Estándar del Libro 9977590397
040 ## - FUENTE DE LA CATALOGACIÓN
Centro catalogador/agencia de origen DO-SdBNP
Centro/agencia transcriptor DLC
Centro/agencia modificador DLC
082 ## - NÚMERO DE LA CLASIFICACIÓN DECIMAL DEWEY
Número de clasificación Ca864.44
Número de documento/Ítem M743i
049 ## - FONDOS LOCALES (OCLC)
Fondos de biblioteca BNGR
100 1# - ENTRADA PRINCIPAL--NOMBRE DE PERSONA
Nombre de persona Monge, Carlos Francisco,
Fechas asociadas al nombre 1951-
9 (RLIN) 20783
245 13 - MENCIÓN DE TÍTULO
Título La imagen separada :
Resto del título modelos ideológicos de la poesía costarricense, 1950-1980 /
Mención de responsabilidad, etc. Carlos Francisco Monge.
260 ## - PUBLICACIÓN, DISTRIBUCIÓN, ETC.
Lugar de publicación, distribución, etc. San José, (Costa Rica) :
Nombre del editor, distribuidor, etc. Instituto del Libro ;
-- Ministerio de Cultura, Juventud y Deportes,
Fecha de publicación, distribución, etc. 1984.
300 ## - DESCRIPCIÓN FÍSICA
Extensión 204 p. ;
Dimensiones 21 cm.
504 ## - NOTA DE BIBLIOGRAFÍA, ETC.
Nota de bibliografía, etc. Bibliografía: p. 193-194.
590 ## - NOTA LOCAL (RLIN)
Nota local La biblioteca posee 1 copia autografiado por el aurtor.
650 #4 - PUNTO DE ACCESO ADICIONAL DE MATERIA--TÉRMINO DE MATERIA
Término de materia o nombre geográfico como elemento de entrada Ensayos costarricenses
Subdivisión cronológica SIGLO XX
Subdivisión general Historia y crítica
9 (RLIN) 20784
650 #4 - PUNTO DE ACCESO ADICIONAL DE MATERIA--TÉRMINO DE MATERIA
Término de materia o nombre geográfico como elemento de entrada Literatura costarricense
Subdivisión cronológica SIGLO XX
Subdivisión general Historia y crítica
9 (RLIN) 20785
910 ## - DATOS DE OPCIÓN DEL USUARIO (OCLC)
Datos de opción del usuario Catalogación por copia / LC
Holdings
Estado de retiro Estado de pérdida Restricciones de uso No para préstamo Código de colección Localización permanente Ubicación/localización actual Ubicación en estantería Fecha de adquisición Número de inventario Total de préstamos Signatura topográfica completa Código de barras Fecha visto por última vez Precio válido a partir de Tipo de ítem Koha
    Préstamo interno   Monografías: Libros y Folletos General General En catalogación 08.09.2009 LF1   Ca864.44 M743i 7479-10 25.06.2020 25.06.2020 Préstamo interno

Powered by Koha